000
00286nam a2200121Ia 4500
008
190216s9999||||xx |||||||||||||| ||und||
100
_a
Veena Goutham
245
0
_a
Hindi-Dambeer Bharathi Aur Sankar Rosh
260
_b
Anmol Prakashan
300
_a
131
650
_a
Hindi
942
_c
BK
999
_c
16241
_d
16241